Vista normal
Vista MARC
Entrada Nombre de reunión
Número de registros utilizados en: 1
001 - NÚMERO DE CONTROL
- campo de control: 86705
003 - IDENTIFICADOR DEL NÚMERO DE CONTROL
- campo de control: DO-SdBNP
005 - FECHA Y HORA DE LA ÚLTIMA TRANSACCIÓN
- campo de control: 20241015150856.0
008 - DATOS DE LONGITUD FIJA
- campo de control de longitud fija: 241015|| aca||aabn | a|a d
040 ## - FUENTE DE LA CATALOGACIÓN
- Centro catalogador/agencia de origen: DO-SdBNP
- Centro/agencia transcriptor: DO-SdBNP
111 ## - ENCABEZAMIENTO--NOMBRE DE CONGRESO/REUNIÓN
- Nombre de congreso/reunión o jurisdicción como elemento de entrada: Conferencia lo que significaría para el pueblo dominicano la ratificación de los actos del gobierno Militar Norteamericano
- Sede del congreso/Lugar de la reunión: Santiago de los Caballeros
- Fecha del congreso/reunión: 25 Junio 1922
670 ## - FUENTE DE DATOS ENCONTRADOS
- Cita de la fuente: Work cat.: (DO-SdBNP)57876: 56059, Conferencia dictada por el Doctor Américo Lugo en el Teatro Colón /
